Teoretické prístupy k ekonomike dobrovoľníctva ako fenoménu sociálnej práce

Pojem dobrovoľníctvo a jeho definovanie. Typológia dobrovoľníctva. Ekonomika dobrovoľníctva z mikro a makro hľadiska. Rozhodovanie sa pre dobrovoľnú prácu. Model alternatívnych nákladov času a charitatívna mzda.

Gespeichert in:
Bibliographische Detailangaben
1. Verfasser: Macková, Eva
Weitere Verfasser: Stanek, Vojtech
Format: Buchkapitel
Sprache:Slowakisch
Schlagworte:
Tags: Tag hinzufügen
Keine Tags, Fügen Sie das erste Tag hinzu!

MARC

LEADER 00000naa$a2200000$$$4500
001 0035326
005 20240502083124.1
041 0 |a slo 
044 |a CZ 
245 1 0 |a Teoretické prístupy k ekonomike dobrovoľníctva ako fenoménu sociálnej práce  |c Eva Macková, Vojtech Stanek 
520 |a Pojem dobrovoľníctvo a jeho definovanie. Typológia dobrovoľníctva. Ekonomika dobrovoľníctva z mikro a makro hľadiska. Rozhodovanie sa pre dobrovoľnú prácu. Model alternatívnych nákladov času a charitatívna mzda. 
610 2 0 |a práca sociálna 
610 2 0 |a dobrovoľníctvo 
610 2 0 |a politika sociálna 
610 2 0 |a motivácia pracovná 
610 2 0 |a organizácie nevládne 
610 2 0 |a služby sociálne 
610 2 0 |a služby verejnoprospešné 
100 1 |a Macková, Eva 
700 1 |a Stanek, Vojtech